North American Sports Leagues by Map - Statistics

General Stats
  • This quiz has been taken 829 times
  • The average score is 5 of 5
Answer Stats
Picture Answer % Correct
National Football League
99%
National Basketball League
97%
National Hockey League
97%
Major League Baseball
96%
Major League Soccer
91%
No matching quizzes found
Score Distribution
Percent of People with Each Score
Percentile by Number Answered
Your Score History
You have not taken this quiz